000
00325nam a2200121Ia 4500
008
160609s9999 xx 000 0 und d
100
_a
Harper, Graeme.
245
_a
Creative Writing And Education
245
_c
By:Graeme Harper
260
_c
2015
650
_x
WRITING
856
_u
http://file.ebook777.com/CreWriAndEdu.pdf
999
_c
295851
_d
295851